Statistics for All Municipalities of Heves County, Hungary on a Map

Click here to take the quiz!

General Stats

  • This quiz has been taken 22 times
  • The average score is 59 of 121

Answers on the Map

Answers color-coded by a green-red scale on the quiz's map according to % correct below.
 

Answer Stats

Answer% Correct
Eger
100%
Gyöngyös
100%
Gyöngyöspata
88%
Hatvan
88%
Heves
88%
Gyöngyöshalász
81%
Bélapátfalva
75%
Egerszalók
75%
Füzesabony
75%
Gyöngyössolymos
75%
Hort
75%
Sirok
75%
Vámosgyörk
75%
Adács
69%
Andornaktálya
69%
Kál
69%
Kápolna
69%
Markaz
69%
Noszvaj
69%
Recsk
69%
Visonta
69%
Balaton
63%
Csány
63%
Egerbakta
63%
Egerszólát
63%
Gyöngyösoroszi
63%
Gyöngyöstarján
63%
Maklár
63%
Mátraszentimre
63%
Ostoros
63%
Pétervására
63%
Poroszló
63%
Sarud
63%
Szilvásvárad
63%
Verpelét
63%
Abasár
56%
Atkár
56%
Boldog
56%
Detk
56%
Ecséd
56%
Felsőtárkány
56%
Kerecsend
56%
Kisköre
56%
Ludas
56%
Nagyréde
56%
Novaj
56%
Pálosvörösmart
56%
Parád
56%
Átány
50%
Demjén
50%
Domoszló
50%
Egerfarmos
50%
Istenmezeje
50%
Karácsond
50%
Kisnána
50%
Lőrinci
50%
Mátraballa
50%
Parádsasvár
50%
Szúcs
50%
Tiszanána
50%
Aldebrő
44%
Apc
44%
Besenyőtelek
44%
Feldebrő
44%
Halmajugra
44%
Heréd
44%
Kömlő
44%
Nagytálya
44%
Nagyvisnyó
44%
Pély
44%
Petőfibánya
44%
Rózsaszentmárton
44%
Szihalom
44%
Tenk
44%
Zagyvaszántó
44%
Bátor
38%
Bükkszék
38%
Dormánd
38%
Egercsehi
38%
Erk
38%
Hevesaranyos
38%
Kompolt
38%
Mezőszemere
38%
Mezőtárkány
38%
Nagyfüged
38%
Szajla
38%
Tarnabod
38%
Tarnalelesz
38%
Tarnaméra
38%
Tarnaörs
38%
Tarnaszentmária
38%
Visznek
38%
Bekölce
31%
Boconád
31%
Bükkszenterzsébet
31%
Bükkszentmárton
31%
Egerbocs
31%
Erdőtelek
31%
Ivád
31%
Mikófalva
31%
Mónosbél
31%
Nagykökényes
31%
Nagyút
31%
Szarvaskő
31%
Szűcsi
31%
Terpes
31%
Vécs
31%
Bodony
25%
Fedémes
25%
Hevesvezekény
25%
Kerekharaszt
25%
Kisfüzes
25%
Mátraderecske
25%
Szentdomonkos
25%
Tarnaszentmiklós
25%
Tarnazsadány
25%
Újlőrincfalva
25%
Zaránk
25%
Erdőkövesd
19%
Tófalu
19%
Váraszó
19%

Score Distribution

Percentile by Number Answered

Percent of People with Each Score

Your Score History

You have not taken this quiz